01184nam a2200301 450000100060000000300070000600500170001300800410003001600310007101700510010202000150015303500210016803500270018904000370021604100130025308000400026608000330030610000290033924000560036824502380042426000370066230000240069954600380072365100340076165500320079571000430082785200120087085852SpMaBN20260429152922.0260429s1998 sp | ||| ||spa 7 abimoBNE199935170732SpMaBN aZ 2495-1998bOficina Depósito Legal Zaragoza a8483240440 a(OCoLC)733437600 a(SpMaBN)bimo0001101908 aSpMaBNbspacSpMaBNerdcdM-RABA1 aspaaita a75 Montañés, Bernardino (064.3) a913.77 Pompeya (0:75)(064.3)1 aMontañés, Bernardino10aÁlbum de Pompeya de Bernardino Montañés, 184910aÁlbum de Pompeya de Bernardino Montañés, 1849bMuseo Archeologico Nazionale, Napoli, septiembre-diciembre, 1998 = Album di Pompei di Bernardino Montañés, 1849 : Museo Archeologico Nazionale, Napoli, settembre-dicembre, 1998 a[Zaragoza]b: Ibercajac, [1998] a72 p.c; 21 x 30 cm aTexto en italiano y en español. 7aPompeya (Ciudad desaparecida) 4aCatálogos de exposiciones2 aMuseo archeologico nazionale di Napoli jF-16121